000
00287nam a2200121Ia 4500
005
20251222141855.0
008
251222s9999||||xx |||||||||||||| ||spa||
082
_a
808.81/B79
100
_a
Butler Yeats, William
245
0
_a
Cinco Poetas Contemporáneos
264
_b
Adobe
942
_c
LIB
999
_c
7848
_d
7848